000 00764nam a2200193 i 4500
001 156463
003 ES-MaACL
005 20240118063006.0
008 000204s1877 sp |||| | spa d
040 _aCAM
_bspa
_cCAM
100 1 _aJovellanos, Gaspar Melchor de,
_d1744-1811
_9222580
245 1 3 _aEl delincuente honrado
_b: drama en cinco actos /
_cde Gaspar Melchor de Jovellanos.
260 _aValencia :
_bTerraza y Aliena,
_c1877 (
_fimp. de J. Guix)
300 _a60 p. ;
_c17 cm.
490 1 _aObras dramáticas escogidas
830 0 _aObras dramáticas escogidas
_9221673
852 _aES-MaACL
_jD-703(1)
_z-- Enc. hol., conservando la enc. editorial
_z-- Legado M. de la Fuente
_z-- Enc. en un vol. facticio
999 _c156463
_d156463